00749 a2200229 4500260001000000630004100010650000600051260000900057245017700066300001100243650002500254650003200279650002100311260000900332300000900341100000700350110001900357037001400376020001800390999001700408952009400425 aParis aDroit, législation, administration aG bCNRS aJurisprudence du Conseil d'Etat et du Tribunal des Conflits : tables décennales 1965-1974. Tome 1 : de actes législatifs et administratifs à assurance et prévoyance a730 p. aSécurité Sociale aJuridictions administratifs aactes juridiques c1976 b22,5 lFr aConseil d'Etat aDe 000610 a2-222-01995-8 c37100d37100 00104070aBUACbBUACd2009-02-28l0o347-998 CONr2009-02-28 00:00:00w2009-02-28yLIVR